000 00864nam a2200277 a 4500
001 4512
003 BD-RjUL
005 20211208233914.0
008 131222s1936 stk d 00010 eng
035 _a(BD-RjUL)4547
040 _dCLL
_dMBU-L
_dBD-RjUL
_aBD-RjUL
_beng
_cBD-RjUL
041 _aeng
082 _222
_a345.411
_bAND 1936
090 _aKDC913.A68
_bD5 1936
100 1 0 _aAngus, John W.
_q(John Wyness)
_914261
245 1 2 _aA dictionary of crimes and offences according to the law of Scotland /
_cby the late John W. Angus.
250 _a3rd ed. /
260 _aEdinburgh :
_bW. Green,
_c1936.
300 _avi, 251 p. ;
_c23 cm.
650 0 _aCriminal law
_zScotland.
_914262
650 0 _aLaw
_zScotland
_xDictionaries.
_914263
710 1 0 _aMacpherson, Charles Angus.
_914264
710 1 0 _aMill, James.
_914265
942 _2ddc
_cBK
999 _c4512
_d4512